000 00287nam a22001337a 4500
008 170316b xxu||||| |||| 00| 0 eng d
020 _a9780072553307
041 _aeng
080 _27 ED
_a611
100 _a7
101 _aSHM
245 _aANATOMY PHYSIOLOGY
_cWISE.E
942 _2udc
_cBK
999 _c7956
_d7956